000 01036cam a22002774a 4500
001 15832805
003 OSt
005 20180117085940.0
008 090724s2009 enk b 001 0 eng
010 _a 2009933390
020 _a9781847207814 (hardcover)
040 _aDLC
_cDLC
_dDLC
050 0 0 _aHD75
_b.W494 2009
082 0 0 _a338.9
_222
100 1 _aWhite, Colin
_q(Colin M.)
245 1 0 _aUnderstanding economic development :
_ba global transition from poverty to prosperity /
_cColin White.
260 _aCheltenham, UK ;
_aNorthampton, MA :
_bEdward Elgar,
_c2009.
300 _a401 p. ;
_c24 cm.
504 _aIncludes bibliographical references (p. 362-388) and index.
650 0 _aEconomic development.
650 0 _aGlobalization
_xEconomic aspects.
906 _a7
_bcbc
_corignew
_d2
_eepcn
_f20
_gy-gencatlg
942 _2ddc
_cBK
999 _c2410
_d2410